| 000 | 00869nam a22002057a 4500 | ||
|---|---|---|---|
| 999 |
_c121204 _d121204 |
||
| 001 | K121204 | ||
| 008 | 160218b2020 xxu||||| |||| 00| 0 eng d | ||
| 020 | _a9781783213894 | ||
| 041 | _aeng | ||
| 100 | _aMehdi, Nigel | ||
| 245 |
_aBlockchain _bAn emerging opportunity for surveyors |
||
| 260 |
_aLondon _bRICS _c2020 |
||
| 490 | _aRICS Insight Paper | ||
| 520 | _aProvides a balanced view of the outlook for blockchain, its application to the real estate, built and natural environment and construction industries, and what it could mean for RICS professionals and RICS-regulated firms looking to stay at the forefront of innovation. | ||
| 650 | _aBlockchain | ||
| 651 | _aUnited Kingdom 1973 | ||
| 690 |
_96274 _aPropTech |
||
| 856 |
_uhttps://www.rics.org/globalassets/blockchain_insight-paper.pdf _zView the guidance free of charge at rics.org |
||
| 942 | _n0 | ||